| 000 | 00000nas 2200000za 4500 |
| 001 | 9.809295 |
| 003 | CaOODSP |
| 005 | 20221107140610 |
| 007 | cr ||||||||||| |
| 008 | 160118d19501961oncmr p oss f000#a0eng|d |
| 040 | |aCaOODSP|beng |
| 043 | |an-cn--- |
| 086 | 1 |aCS65-007E-PDF |
| 245 | 00|aImports |h[electronic resource]. |
| 260 | |a[Ottawa] : |bDominion Bureau of Statistics, |c[1950]-1962. |
| 310 | |aMonthly |
| 362 | 0 |aJan. 1950-v. 18, no. 12 (Dec. 1961). |
| 490 | 0 |aTrade of Canada |
| 500 | |aDigitized edition from print [produced by Statistics Canada]. |
| 692 | 07|2gccst|aInternational trade |
| 710 | 1 |aCanada.|bDominion Bureau of Statistics.|bExternal Trade Section. |
| 780 | 00|tImports entered for consumption |w(CaOODSP)9.823925 |
| 785 | 00|tImports by commodity |w(CaOODSP)9.809296 |